Rok s pandemií covid-19 Reflexe v poločase
Saved in:
| Main Author | |
|---|---|
| Other Authors | , , |
| Format | Electronic eBook |
| Language | Czech |
| Published |
Karolinum
2023
|
| Edition | 1. elektronické vydání |
| Subjects | |
| Online Access | Dostupné v BOOKPORT po přihlášení pomocí eduID |
| ISBN | 978-80-246-4217-8 978-80-246-5273-3 |
| Physical Description | 1 online zdroj (266 stran) |
| LEADER | 00000nam a2200000 i 4500 | ||
|---|---|---|---|
| 001 | bkp478209634 | ||
| 003 | CZ-prgp | ||
| 005 | 20231005105134.0 | ||
| 006 | m o d | ||
| 007 | cr cn | ||
| 008 | 231005s2023 xr o 000 0 cze | ||
| 020 | |a 978-80-246-4217-8 |c 270 Kč |q (online ; pdf) | ||
| 020 | |a 978-80-246-5273-3 |c 380 Kč |q (print) | ||
| 040 | |a Grada |b cze |e rda | ||
| 100 | 1 | |a Diviák, Tomáš | |
| 245 | 1 | 0 | |a Rok s pandemií covid-19 |b Reflexe v poločase |c Tomáš Diviák, Josef Šlerka, Martin Šmíd, Milan Zajíček |
| 250 | |a 1. elektronické vydání | ||
| 264 | 1 | |b Karolinum |c 2023 | |
| 300 | |a 1 online zdroj (266 stran) | ||
| 336 | |a text |b txt |2 rdacontent | ||
| 337 | |a počítač |b c |2 rdamedia | ||
| 338 | |a online zdroj |b cr |2 rdacarrier | ||
| 520 | 3 | |a Kniha je sborníkem z konference pořádané Centrem pro modelování společenských a biologických procesů (BISOP) v polovině června 2021, jde tedy o jakýsi snímek stavu věcí, poznání a společenské diskuse v době jejího konání. První část představuje obecné texty, které mohou čtenáři posloužit k orientaci v problematice. V druhé části lze najít příspěvky věnující se konkrétním problémům nastalým v souvislosti s pandemií z pohledu matematického modelování, logistiky, psychologie a sociologie. Příspěvky v závěrečné části se věnují zhodnocení dopadů pandemie a možnostem, jak se z nich poučit. Je na čtenáři, aby posoudil, co z obsahu knihy s časovým odstupem obstálo a co nikoli, v každém případě jde o zajímavý dokument o působení jedné vědecké iniciativy. | |
| 650 | 0 | 4 | |a Sociologie |
| 700 | 1 | |a Josef Šlerka | |
| 700 | 1 | |a Martin Šmíd | |
| 700 | 1 | |a Milan Zajíček | |
| 856 | 4 | 0 | |u https://www.bookport.cz/AccountSaml/SignIn/?idp=https://shibboleth.utb.cz/idp/shibboleth&returnUrl=/kniha/rok-s-pandemii-covid-19-12205/ |y Dostupné v BOOKPORT po přihlášení pomocí eduID |